000 01413cam a2200349 a 4500
001 EDZ0000064255
003 StDuBDS
005 20161031105114.0
006 m||||||||d||||||||
007 cr |||||||||||
008 120327s2002 enk fo| 001|0|eng d
020 _a9781446218266 (ebook) :
_cNo price
040 _aStDuBDS
_beng
_cStDuBDS
_epn
049 _aAlfaisal Main Library
050 0 _aHM786
_b.C37 2002
082 0 4 _a302.35
_223
100 1 _aCasey, Catherine,
_d1958-
245 1 0 _aCritical analysis of organizations
_h[electronic resource] :
_btheory, practice, revitalization /
_cCatherine Casey.
260 _aLondon :
_bSAGE,
_cc2002.
300 _a1 online resource (vi, 218 p.)
504 _aIncludes bibliographical references and index.
520 8 _aCasey explains the essential critical strands of organisational analysis, examining how central traditions have realigned in relation to the challenge of postmodernism and the new reflexive turn in organizational studies.
521 _aSpecialized.
588 _aDescription based on print version record.
650 0 _aOrganization.
650 0 _aOrganizational sociology.
655 7 _aElectronic books.
_2local
710 2 _aSage eBooks
776 0 8 _iPrint version :
_z9780761959069
856 4 0 _uhttp://ezproxy.alfaisal.edu/login?url=http://sk.sagepub.com/books/critical-analysis-of-organizations
942 _2lcc
_cEBOOKS
999 _c479397
_d479397